Generic Object Battle Characters Quiz - Statistics

General Stats
  • This quiz has been taken 25 times
  • The average score is 15 of 24
Answer Stats
Role Character % Correct
Contestant Badge
84%
Contestant Earth
84%
Contestant Popcorn
84%
Contestant Blueberry
79%
Contestant Checker
79%
Contestant Chemical Jar
79%
Host TV
79%
Contestant Lime
74%
Contestant Cat Card
68%
Contestant Folder
68%
Contestant Spork
68%
Contestant Curtain
63%
Contestant Sign
63%
Contestant Cologne
58%
Contestant Coughdrop
58%
Contestant Pistachio
58%
Contestant Pomegranate
58%
Contestant Stone
58%
Contestant Burger
53%
Contestant Cactus
53%
Contestant Air Mattress
47%
Minor Character Hammer
37%
Minor Character Wrench
37%
Minor Character Remote Downey Jr.
21%
No matching quizzes found
Score Distribution
Percent of People with Each Score
Percentile by Number Answered
Your Score History
You have not taken this quiz